Shapes #3 - Statistics

General Stats
  • This quiz has been taken 25 times
  • The average score is 4 of 5
Answer Stats
Picture Answer % Correct
Cone
95%
Cube
95%
Sphere
95%
Pyramid
86%
Cylinder
50%
No matching quizzes found
Score Distribution
Percent of People with Each Score
Percentile by Number Answered
Your Score History
You have not taken this quiz